عرض عادي
عرض مارك
- Aesthetics
مدخل مصطلح موضوعي
001 - رقم الضبط
- حقل الضبط: 38547
003 - معرف رقم الضبط
- حقل الضبط: OSt
005 - تاريخ ووقت أخر عملية
- حقل الضبط: 20131029165145.0
008 - عناصر بيانات ثابتة الطول
- حقل تحكم ثابت الطول: 131029|||a|||||| | ||| d
040 ## - مصدر الفهرسة
- هيئة الفهرسة الأصلية: OSt
- وكالة الكتابة: OSt
150 ## - مدخل-- مصطلح تاريخي
- عنصر مدخل المصطلح الموضوعي او الاسم الجغرافي: Aesthetics
- تفريع شكلي: Early works to 1800.
670 ## - بيانات المصدر موجوده
- الاستشهاد بالمصدر: Work cat.: (OSt)0: Aristotle. 38545, Aristotle's Poetics /, 1961.
